00797nam a2200157Ia 4500008004100000082002100041100002100062245011900083260004900202365000600251630011900257730011900376942000900495999001900504952011600523100415s9999 xx 000 0 und d b10158a598.1(54) aSMITH, MALCOLM A aThe Fauna of British India including Ceylon and Burma : Reptilia and Amphibia Vol. II - Sauria: FOR REFERENCE ONLY aNEW DELHIc1974bTODAY & TOMORROW'S PRINTERS b0 aThe Fauna of British India including Ceylon and Burma : Reptilia and Amphibia Vol. II - Sauria: FOR REFERENCE ONLY aThe Fauna of British India including Ceylon and Burma : Reptilia and Amphibia Vol. II - Sauria: FOR REFERENCE ONLY cBOOK c593087d593084 00104070aBNHSbBNHSd1999-08-02g0.00l0o598.1(54) 10158pBNHS-10158r2010-04-15 00:00:00w2010-04-15yBOOK